[Event "Olympiad-44"]
[Site "Chennai"]
[Date "2022.08.05"]
[Round "7.2"]
[White "Guzman, Christopher"]
[Black "Asante, Debesai Zerabruk"]
[Result "1-0"]
[WhiteElo "2243"]
[BlackElo "1785"]
[PlyCount "79"]
[EventDate "2022.07.29"]
[EventType "team-swiss"]
[EventRounds "11"]
[EventCountry "IND"]
[SourceTitle "CBM 210"]
[Source "ChessBase"]
[SourceDate "2022.10.31"]
[SourceVersion "1"]
[SourceVersionDate "2022.10.31"]
[SourceQuality "1"]
[WhiteTeam "Dominican Republic"]
[BlackTeam "Eritrea"]
[WhiteTeamCountry "DOM"]
[BlackTeamCountry "ERI"]

1. e4 d6 2. d4 Nf6 3. Nc3 Nbd7 4. g3 e5 5. Bg2 Be7 6. Nge2 c6 7. a4 a5 8. 0-0 0-0 9. h3 Re8 10. Kh2 Qc7 11. Be3 Bf8 12. f4 g6 13. Qd2 b6 14. Rad1 Ba6 15. Rfe1 Rad8 16. Ng1 Nh5 17. Qf2 Bh6 18. d5 c5 19. Bf1 Bxf1 20. Qxf1 exf4 21. gxf4 Ndf6 22. Qf3 Re7 23. Bd2 Rde8 24. Re2 Kh8 25. Rde1 Qd7 26. Nb5 Qd8 27. c4 Qd7 28. Kh1 Qd8 29. Bc3 Kg8 30. e5 Nxf4 31. Nxd6 Nxe2 32. Rxe2 Nh5 33. Nf5 Bf4 34. Rg2 Rxe5 35. Qxh5 Kf8 36. Qxh7 Rxf5 37. Rxg6 Ke7 38. Re6+ Kd7 39. Rxe8 Qg5 40. Rg8 1-0

[Event "Addis Ababa zt 4.4"]
[Site "Addis Ababa"]
[Date "2022.05.08"]
[Round "9"]
[White "Asante, Debesai Zerabruk"]
[Black "Abel Mathewos, Tilahun"]
[Result "0-1"]
[WhiteElo "1712"]
[BlackElo "1951"]
[PlyCount "42"]
[EventDate "2022.05.02"]
[EventType "swiss"]
[EventRounds "9"]
[EventCountry "ETH"]
[SourceTitle "CBM 208 Extra"]
[Source "ChessBase"]
[SourceDate "2022.07.31"]
[SourceVersion "1"]
[SourceVersionDate "2022.07.31"]
[SourceQuality "1"]

1. e4 e6 2. d3 d5 3. Nd2 Nc6 4. g3 Nf6 5. Ngf3 dxe4 6. dxe4 e5 7. Bg2 Bc5 8. c3 a5 9. a4 0-0 10. 0-0 b6 11. Qc2 Qe7 12. Nc4 Ba6 13. b3 Rad8 14. Bg5 Bxc4 15. bxc4 Qe6 16. Qe2 Rd6 17. Rad1 Rfd8 18. Rd5 h6 19. Bxf6 Qxf6 20. Rfd1 Ne7 21. Rxd6 Rxd6 0-1

[Event "Addis Ababa zt 4.4"]
[Site "Addis Ababa"]
[Date "2022.05.06"]
[Round "6"]
[White "Yirga, Nigussie Mitiku"]
[Black "Asante, Debesai Zerabruk"]
[Result "0-1"]
[WhiteElo "2019"]
[BlackElo "1712"]
[PlyCount "50"]
[EventDate "2022.05.02"]
[EventType "swiss"]
[EventRounds "9"]
[EventCountry "ETH"]
[SourceTitle "CBM 208 Extra"]
[Source "ChessBase"]
[SourceDate "2022.07.31"]
[SourceVersion "1"]
[SourceVersionDate "2022.07.31"]
[SourceQuality "1"]

1. b3 g6 2. Bb2 Nf6 3. c4 Bg7 4. Nf3 0-0 5. g3 d6 6. d4 Nbd7 7. Nbd2 Nh5 8. Bg2 c5 9. 0-0 e5 10. dxe5 dxe5 11. Qc2 Qc7 12. Ng5 Re8 13. Bd5 Re7 14. Rad1 Ndf6 15. Nde4 Nxe4 16. Qxe4 Bf5 17. Qh4 h6 18. Ne4 Rae8 19. g4 Bxe4 20. gxh5 Bxd5 21. cxd5 g5 22. Qe4 Qd7 23. Qd3 f5 24. Qc4 e4 25. d6+ Re6 0-1

[Event "Addis Ababa zt 4.4"]
[Site "Addis Ababa"]
[Date "2022.05.04"]
[Round "5"]
[White "Asante, Debesai Zerabruk"]
[Black "Adebo, Muhaba Detamo"]
[Result "1-0"]
[WhiteElo "1712"]
[BlackElo "1979"]
[PlyCount "31"]
[EventDate "2022.05.02"]
[EventType "swiss"]
[EventRounds "9"]
[EventCountry "ETH"]
[SourceTitle "CBM 208 Extra"]
[Source "ChessBase"]
[SourceDate "2022.07.31"]
[SourceVersion "1"]
[SourceVersionDate "2022.07.31"]
[SourceQuality "1"]

1. e4 Nf6 2. d3 e5 3. Nf3 Nc6 4. Nc3 d6 5. h3 h6 6. Be3 Be6 7. Qd2 Be7 8. Ne2 d5 9. exd5 Nxd5 10. Nc3 Nxe3 11. fxe3 Bb4 12. a3 Be7 13. 0-0-0 0-0 14. Kb1 Bf5 15. g4 Bg6 16. e4 1-0

[Event "Addis Ababa zt 4.4"]
[Site "Addis Ababa"]
[Date "2022.05.03"]
[Round "2"]
[White "Ali Abdullahi, Farah"]
[Black "Asante, Debesai Zerabruk"]
[Result "1-0"]
[WhiteElo "1944"]
[BlackElo "1712"]
[PlyCount "28"]
[EventDate "2022.05.02"]
[EventType "swiss"]
[EventRounds "9"]
[EventCountry "ETH"]
[SourceTitle "CBM 208 Extra"]
[Source "ChessBase"]
[SourceDate "2022.07.31"]
[SourceVersion "1"]
[SourceVersionDate "2022.07.31"]
[SourceQuality "1"]

1. d4 Nf6 2. Nf3 e6 3. e3 c5 4. Be2 b6 5. b3 Be7 6. Bb2 Bb7 7. 0-0 0-0 8. Nbd2 d6 9. c4 Nbd7 10. Qc2 d5 11. Rad1 Rc8 12. Qb1 Re8 13. Qa1 Bd6 14. cxd5 exd5 1-0

[Event "Addis Ababa zt 4.4"]
[Site "Addis Ababa"]
[Date "2022.05.02"]
[Round "1"]
[White "Asante, Debesai Zerabruk"]
[Black "Shiferaw, Yalemzewde Mekonnen"]
[Result "0-1"]
[WhiteElo "1712"]
[BlackElo "1995"]
[PlyCount "52"]
[EventDate "2022.05.02"]
[EventType "swiss"]
[EventRounds "9"]
[EventCountry "ETH"]
[SourceTitle "CBM 208 Extra"]
[Source "ChessBase"]
[SourceDate "2022.07.31"]
[SourceVersion "1"]
[SourceVersionDate "2022.07.31"]
[SourceQuality "1"]

1. e4 c6 2. d4 d5 3. e5 Bf5 4. h4 Bd7 5. Nf3 e6 6. Bf4 c5 7. c3 Nc6 8. Nbd2 cxd4 9. Nxd4 Nxd4 10. cxd4 Qb6 11. Nb3 Bb4+ 12. Bd2 f6 13. f4 fxe5 14. fxe5 Ne7 15. Bxb4 Qxb4+ 16. Qd2 Qb6 17. Nc5 Rc8 18. Rh3 Qc7 19. Rc3 Nc6 20. Rac1 0-0 21. b4 Qd8 22. Nxd7 Qxd7 23. b5 Ne7 24. Bd3 Rxc3 25. Qxc3 Rc8 26. Qd2 Rf8 0-1

[Event "Africa-ch Blitz"]
[Site "Casablanca"]
[Date "2019.08.28"]
[Round "8.23"]
[White "Kourakoumba, Florent"]
[Black "Asante, Debesai Zerabruk"]
[Result "1-0"]
[WhiteElo "1677"]
[BlackElo "1712"]
[PlyCount "51"]
[EventDate "2019.08.28"]
[EventType "swiss (blitz)"]
[EventRounds "9"]
[EventCountry "MAR"]
[SourceTitle "EXT 2024"]
[Source "ChessBase"]
[SourceDate "2023.10.10"]
[SourceVersion "1"]
[SourceVersionDate "2023.10.10"]
[SourceQuality "1"]

1. e4 d6 2. d4 Nf6 3. Bd3 Nbd7 4. h3 e5 5. c3 c6 6. Ne2 Be7 7. 0-0 Qc7 8. f4 h6 9. Na3 exf4 10. Bxf4 Nf8 11. Nc4 g5 12. Bh2 Ng6 13. e5 dxe5 14. dxe5 Nd5 15. e6 Qd8 16. exf7+ Kf8 17. Bxg6 Be6 18. Qd4 Bf6 19. Qc5+ Be7 20. Qd4 Bf6 21. Qf2 Be7 22. Nd4 Bd7 23. Ne5 b6 24. Rae1 c5 25. Nxd7+ Qxd7 26. Ne6+ 1-0

[Event "African-ch rapid"]
[Site "Casablanca"]
[Date "2019.08.27"]
[Round "6"]
[White "Asante, Debesai Zerabruk"]
[Black "Gole, Habtamu Ashenafi"]
[Result "0-1"]
[WhiteElo "1712"]
[BlackElo "2046"]
[PlyCount "94"]
[EventDate "2019.08.26"]
[EventType "swiss (rapid)"]
[EventRounds "9"]
[EventCountry "MAR"]
[SourceTitle "EXT 2020"]
[Source "ChessBase"]
[SourceDate "2019.10.17"]
[SourceVersion "1"]
[SourceVersionDate "2019.10.17"]
[SourceQuality "1"]

1. e4 c5 2. Nf3 d6 3. d4 cxd4 4. Nxd4 Nf6 5. Nc3 a6 6. f3 e6 7. Be3 Nbd7 8. Qd2 Qc7 9. Bd3 b5 10. a3 Bb7 11. 0-0 Rc8 12. Rac1 Be7 13. Nce2 Ne5 14. Ng3 Nc4 15. Bxc4 Qxc4 16. Qd3 Qc7 17. Rfe1 0-0 18. Nf1 Nd7 19. Nb3 Ne5 20. Qe2 Nc4 21. Bd4 e5 22. Bc3 f5 23. Nbd2 Nxa3 24. exf5 Qb6+ 25. Kh1 Nc4 26. Nxc4 Rxc4 27. Ne3 Rcc8 28. Qd3 Qc5 29. Red1 Bg5 30. Bd2 d5 31. Nxd5 Bxd2 32. Rxd2 Rcd8 33. Nf6+ Kf7 34. Qb3+ Kxf6 35. Qe6+ Kg5 36. h4+ Kxh4 37. f6 Qc4 38. g3+ Kxg3 39. Rg2+ Kxf3 40. Qf5+ Ke3 41. Qf2+ Ke4 42. Re1+ Kd5 43. Rd1+ Ke6 44. Qb6+ Qc6 45. Qxc6+ Bxc6 46. Rxd8 Rxd8 47. fxg7 Rg8 0-1

[Event "African-ch rapid"]
[Site "Casablanca"]
[Date "2019.08.27"]
[Round "9"]
[White "Naipal, Hoolan"]
[Black "Asante, Debesai Zerabruk"]
[Result "0-1"]
[WhiteElo "1785"]
[BlackElo "1712"]
[PlyCount "46"]
[EventDate "2019.08.26"]
[EventType "swiss (rapid)"]
[EventRounds "9"]
[EventCountry "MAR"]
[SourceTitle "EXT 2020"]
[Source "ChessBase"]
[SourceDate "2019.10.17"]
[SourceVersion "1"]
[SourceVersionDate "2019.10.17"]
[SourceQuality "1"]

1. e4 d6 2. d4 Nf6 3. Nc3 Nbd7 4. Nf3 e5 5. Bc4 c6 6. a4 Be7 7. 0-0 Qc7 8. Qe2 h6 9. Rd1 Nf8 10. h3 g5 11. Be3 Ng6 12. Nh2 Nf4 13. Bxf4 gxf4 14. Kh1 Bd7 15. a5 Rg8 16. dxe5 dxe5 17. Qf3 Rg7 18. Bf1 0-0-0 19. a6 b6 20. Rab1 Rdg8 21. b4 Nh7 22. Bc4 b5 23. Bf1 Ng5 0-1

[Event "African-ch rapid"]
[Site "Casablanca"]
[Date "2019.08.26"]
[Round "2"]
[White "Eichab, Charles Sidney"]
[Black "Asante, Debesai Zerabruk"]
[Result "0-1"]
[WhiteElo "2016"]
[BlackElo "1712"]
[PlyCount "130"]
[EventDate "2019.08.26"]
[EventType "swiss (rapid)"]
[EventRounds "9"]
[EventCountry "MAR"]
[SourceTitle "EXT 2020"]
[Source "ChessBase"]
[SourceDate "2019.10.17"]
[SourceVersion "1"]
[SourceVersionDate "2019.10.17"]
[SourceQuality "1"]

1. c4 e5 2. g3 Nf6 3. Bg2 d5 4. cxd5 Nxd5 5. Nc3 Be6 6. d3 f6 7. Nf3 Nc6 8. 0-0 Bc5 9. a3 a5 10. Bd2 0-0 11. Rc1 Ba7 12. Ne4 Qe7 13. Qa4 Nd4 14. Nxd4 Bxd4 15. Qc2 c6 16. Nc5 Bxc5 17. Qxc5 Qc7 18. Rfd1 a4 19. e4 Ne7 20. Bb4 Rfe8 21. d4 exd4 22. Qxd4 Ng6 23. Bd6 Qf7 24. f4 Bb3 25. Rd2 Rad8 26. Kf2 Rd7 27. Qb4 Nf8 28. Bh3 Ne6 29. Kg1 h5 30. e5 Rc8 31. f5 Ng5 32. e6 Nxh3+ 33. Kg2 Bxe6 34. fxe6 Qxe6 35. Rcd1 Ng5 36. Bf4 Rxd2+ 37. Rxd2 Qe4+ 38. Qxe4 Nxe4 39. Rd7 Nc5 40. Rd4 b5 41. Rd6 Kf7 42. Be3 Ne4 43. Rd7+ Kg6 44. Kf3 Ng5+ 45. Ke2 Nf7 46. Bf4 Re8+ 47. Kf2 Rc8 48. Ke2 Re8+ 49. Kf2 Ne5 50. Bxe5 Rxe5 51. Rd6 Rc5 52. Rd2 Kf5 53. Kf3 Rc4 54. h3 g6 55. Kf2 c5 56. Kf3 b4 57. axb4 cxb4 58. Rd5+ Ke6 59. Ra5 a3 60. bxa3 Rc3+ 61. Kf2 bxa3 62. h4 Rc2+ 63. Kf3 a2 64. g4 hxg4+ 65. Kxg4 g5 0-1

[Event "African-ch rapid"]
[Site "Casablanca"]
[Date "2019.08.26"]
[Round "4"]
[White "Ricky, Sang"]
[Black "Asante, Debesai Zerabruk"]
[Result "1-0"]
[WhiteElo "1971"]
[BlackElo "1712"]
[PlyCount "125"]
[EventDate "2019.08.26"]
[EventType "swiss (rapid)"]
[EventRounds "9"]
[EventCountry "MAR"]
[SourceTitle "EXT 2020"]
[Source "ChessBase"]
[SourceDate "2019.10.17"]
[SourceVersion "1"]
[SourceVersionDate "2019.10.17"]
[SourceQuality "1"]

1. d4 Nf6 2. Bf4 e6 3. e3 c5 4. c3 Nc6 5. Nd2 Be7 6. Bd3 d5 7. Ngf3 0-0 8. Ne5 Bd7 9. h4 Nxe5 10. dxe5 Ne8 11. g4 f6 12. exf6 Bxf6 13. g5 Be7 14. Qc2 Bd6 15. Bxh7+ Kh8 16. Qg6 Bxf4 17. exf4 Rxf4 18. Qh5 d4 19. Bg6+ Kg8 20. Qh7+ Kf8 21. Qh8+ Ke7 22. Bxe8 Bxe8 23. Qxg7+ Rf7 24. Qe5 Rf5 25. Qg3 Bc6 26. Rh2 d3 27. 0-0-0 Kf7 28. Nc4 Kg7 29. Rxd3 Qe7 30. Ne3 Rf3 31. Qe5+ Kh7 32. Rd6 Re8 33. Ng4 Rf5 34. Nf6+ Kh8 35. Qg3 Rf3 36. Qe5 Rf5 37. Qe2 Bf3 38. Qd2 Rxf6 39. gxf6 Qxf6 40. Qg5 Qf8 41. Qe5+ Kh7 42. Rd7+ Re7 43. Rxe7+ Qxe7 44. Rh3 Bg4 45. Rg3 Bf5 46. Qf4 Qf7 47. Qg5 b6 48. h5 Be4 49. h6 Bg6 50. Qe5 a6 51. Re3 Bf5 52. Rg3 Bg6 53. f4 Qf5 54. Qxf5 Bxf5 55. Rg7+ Kxh6 56. Rb7 Kh5 57. Kd2 b5 58. Rb6 Kg4 59. Ke3 b4 60. cxb4 cxb4 61. Rxb4 Kh5 62. Rb6 a5 63. Ra6 1-0

[Event "Africa-chT rapid"]
[Site "Casablanca"]
[Date "2019.08.25"]
[Round "7.8"]
[White "Mwale, Joseph"]
[Black "Asante, Debesai Zerabruk"]
[Result "1-0"]
[WhiteElo "2231"]
[BlackElo "1712"]
[PlyCount "67"]
[EventDate "2019.08.24"]
[EventType "team-swiss (rapid)"]
[EventRounds "9"]
[EventCountry "MAR"]
[SourceTitle "EXT 2020"]
[Source "ChessBase"]
[SourceDate "2019.10.17"]
[SourceVersion "1"]
[SourceVersionDate "2019.10.17"]
[SourceQuality "1"]
[WhiteTeam "Malawi"]
[BlackTeam "Eritrea"]
[WhiteTeamCountry "MWI"]
[BlackTeamCountry "ERI"]

1. d4 Nf6 2. c4 e6 3. g3 d5 4. Bg2 Be7 5. Nf3 0-0 6. 0-0 c5 7. cxd5 Nxd5 8. Nc3 Nxc3 9. bxc3 Qc7 10. e4 Rd8 11. Bf4 Qa5 12. Qb3 b5 13. dxc5 Bxc5 14. Rad1 a6 15. Rxd8+ Qxd8 16. a4 Qb6 17. Nd4 Bd7 18. e5 Bc6 19. a5 Qc7 20. Rd1 Bxg2 21. Nxe6 fxe6 22. Qxe6+ Kf8 23. Qf5+ Kg8 24. Qe6+ Kf8 25. Qf5+ Kg8 26. Kxg2 Ra7 27. e6 Qe7 28. Bxb8 Qb7+ 29. f3 Qxb8 30. Qxc5 Rc7 31. Qd5 Kf8 32. Qf5+ Kg8 33. Qg5 Kf8 34. Rd8+ 1-0

[Event "Africa-chT rapid"]
[Site "Casablanca"]
[Date "2019.08.24"]
[Round "1.8"]
[White "Asante, Debesai Zerabruk"]
[Black "Makoto, Rodwell"]
[Result "0-1"]
[WhiteElo "1712"]
[BlackElo "2373"]
[PlyCount "70"]
[EventDate "2019.08.24"]
[EventType "team-swiss (rapid)"]
[EventRounds "9"]
[EventCountry "MAR"]
[SourceTitle "EXT 2020"]
[Source "ChessBase"]
[SourceDate "2019.10.17"]
[SourceVersion "1"]
[SourceVersionDate "2019.10.17"]
[SourceQuality "1"]
[WhiteTeam "Eritrea"]
[BlackTeam "Zimbabwe"]
[WhiteTeamCountry "ERI"]
[BlackTeamCountry "ZIM"]

1. e4 e5 2. Nf3 Nc6 3. Bb5 a6 4. Ba4 d6 5. 0-0 Bd7 6. c3 g6 7. h3 Bg7 8. Re1 Nf6 9. d4 0-0 10. Bc2 Re8 11. Nbd2 h6 12. Nf1 Nh5 13. Be3 Qe7 14. Qd2 g5 15. Ng3 Nf4 16. Nf5 Bxf5 17. exf5 Qf6 18. d5 Ne7 19. Be4 Nxf5 20. Qc2 Ne7 21. Rad1 Neg6 22. Kh2 Nf8 23. g3 N4g6 24. Kg2 Qd8 25. a3 Ne7 26. Nh2 Qd7 27. g4 Nfg6 28. f3 Rf8 29. Bxg6 Nxg6 30. Rf1 f5 31. Rf2 Rae8 32. Nf1 e4 33. fxe4 fxg4 34. hxg4 Qxg4+ 35. Ng3 Nf4+ 0-1

[Event "Africa-chT rapid"]
[Site "Casablanca"]
[Date "2019.08.24"]
[Round "4.8"]
[White "Marie, Patrick"]
[Black "Asante, Debesai Zerabruk"]
[Result "1/2-1/2"]
[WhiteElo "1921"]
[BlackElo "1712"]
[PlyCount "186"]
[EventDate "2019.08.24"]
[EventType "team-swiss (rapid)"]
[EventRounds "9"]
[EventCountry "MAR"]
[SourceTitle "EXT 2020"]
[Source "ChessBase"]
[SourceDate "2019.10.17"]
[SourceVersion "1"]
[SourceVersionDate "2019.10.17"]
[SourceQuality "1"]
[WhiteTeam "Mauritius"]
[BlackTeam "Eritrea"]
[WhiteTeamCountry "MRI"]
[BlackTeamCountry "ERI"]

1. e4 c6 2. d4 d5 3. exd5 cxd5 4. c4 Nf6 5. Nc3 Nc6 6. Nf3 Bg4 7. Be2 dxc4 8. d5 Bxf3 9. Bxf3 Ne5 10. Be2 e6 11. Qa4+ Qd7 12. dxe6 Qxa4 13. exf7+ Kxf7 14. Nxa4 b5 15. Nc3 Bb4 16. 0-0 Bxc3 17. bxc3 Rad8 18. Be3 Rd7 19. Bd4 Nc6 20. Be3 Re8 21. a4 a6 22. axb5 axb5 23. Bf3 Ne5 24. Ba8 Nd5 25. Bd4 Nc7 26. f4 Rxa8 27. fxe5+ Ke6 28. Rxa8 Nxa8 29. Rb1 Rb7 30. Kf2 Nc7 31. Kf3 h6 32. Ke4 Rb8 33. Ra1 Ra8 34. Rxa8 Nxa8 35. Bc5 Nc7 36. Bf8 Kf7 37. Bd6 Ne6 38. g3 Ke8 39. Kd5 Kd7 40. Bb4 h5 41. Bd6 Ng5 42. Kc5 Ne4+ 43. Kxb5 Nxc3+ 44. Kxc4 Ne4 45. Kd5 Ng5 46. Bf8 Ne6 47. Ba3 Ng5 48. Bc1 Ne6 49. Bd2 g5 50. Be3 g4 51. Ke4 Ke7 52. Kf5 Kf7 53. Bb6 Ng7+ 54. Kg5 Ke6 55. Bd4 Nf5 56. Bb2 Ng7 57. Kh6 Kf7 58. Bc3 Nf5+ 59. Kxh5 Ne3 60. Bd4 Nf5 61. Bf2 Ke6 62. Kxg4 Kxe5 63. h4 Kf6 64. Kf4 Ne7 65. Bd4+ Kg6 66. g4 Nd5+ 67. Ke4 Ne7 68. h5+ Kg5 69. Kf3 Nd5 70. Be3+ Kf6 71. g5+ Kf5 72. h6 Kg6 73. Ke4 Ne7 74. Ke5 Nc6+ 75. Kf4 Ne7 76. Bd4 Nc6 77. Bf6 Nb4 78. Ke5 Nd3+ 79. Kd6 Nf4 80. Ke7 Kh7 81. Kf7 Ng6 82. Bg7 Nf4 83. Kf6 Ng6 84. Kf5 Ne7+ 85. Ke6 Ng6 86. Be5 Nf8+ 87. Kf7 Ng6 88. Bg3 Nh8+ 89. Kf6 Ng6 90. Bd6 Nh4 91. Kf7 Ng6 92. Bg3 Nh8+ 93. Kf6 Ng6 1/2-1/2